| 000 | 01088nam a2200277Ia 4500 | ||
|---|---|---|---|
| 005 | 20220317001954.0 | ||
| 008 | 200115s2019 ck 000 0 spa d | ||
| 020 | _a9789587920925 | ||
| 040 |
_aCO-BoRNBP _bspa _erda _cCO-BoRNBP |
||
| 041 | 0 | _aspa | |
| 082 | 0 | 4 |
_a658.314 _bS81c |
| 100 | 1 |
_aSuárez Uribe, César _eautor |
|
| 245 | 1 | 1 |
_a¿Cómo lograr lo que todos dijeron que nunca podrías? _cCésar Suárez Uribe |
| 250 | _aEdición especial | ||
| 264 | 1 |
_aBogotá _bEdiciones de la U _c2019 |
|
| 300 |
_a133 páginas _b ilustraciones en blanco y negro _c 23 cm |
||
| 336 |
_2rdacontent _atexto _btxt |
||
| 337 |
_2rdamedia _asin mediación _bn |
||
| 338 |
_2rdacarrier _avolumen _bnc |
||
| 490 | 0 | _aPlan Nacional de Lectura y Escritura Leer es mi Cuento / Ministerio de Cultura | |
| 504 | _aIncluye datos biográficos del autor en la solapa. | ||
| 650 | 1 | 7 |
_aAptitud creadora en los negocios _2LEMB _xRelatos personales |
| 650 | 1 | 7 |
_aComunicación en administración de personal _2LEMB _xRelatos personales |
| 650 | 1 | 7 |
_aÉxito _2LEMB _xRelatos personales |
| 942 |
_2ddc _cBK |
||
| 999 |
_c8747 _d8747 |
||